| 000 | 00433nam a22001577a 4500 | ||
|---|---|---|---|
| 999 |
_c60506 _d60506 |
||
| 005 | 20230809104950.0 | ||
| 008 | 230809s1980 gw ||||| |||| 00| 0 ger d | ||
| 041 | _ager | ||
| 080 | _a069-7(38) A-55 | ||
| 100 |
_a Andronicos, Manolis _919641 |
||
| 245 |
_aOlympia / _cManolis Andronicos. |
||
| 264 |
_aAthens : _bEkdotike Athenon, _c1980. |
||
| 300 |
_a80 p. : _bill. ; _c24 cm. |
||
| 653 | _aოლიმპია | ||
| 942 |
_2udc _cBK |
||